[Event "BEL-ch"]
[Site "Namur"]
[Date "2006.07.01"]
[Round "1"]
[White "Geenen, Marc"]
[Black "Vanderstricht, Geert"]
[Result "1/2-1/2"]
[WhiteElo "2350"]
[BlackElo "2425"]
[PlyCount "28"]
[EventDate "2006.07.01"]
[EventType "swiss"]
[EventRounds "9"]
[EventCountry "BEL"]

1. e4 c5 2. Nf3 d6 3. d4 cxd4 4. Nxd4 Nf6 5. Nc3 a6 6. Bg5 e6 7. f4 Bd7 8. Qf3
Nc6 9. O-O-O Qa5 10. Nb3 Qc7 11. Bxf6 gxf6 12. Qh5 Bg7 13. Be2 Rc8 14. Rd2 f5
1/2-1/2

[Event "BEL-ch"]
[Site "Namur"]
[Date "2006.07.01"]
[Round "1"]
[White "Hautot, Stephane"]
[Black "Claesen, Pieter"]
[Result "1/2-1/2"]
[WhiteElo "2376"]
[BlackElo "2402"]
[PlyCount "28"]
[EventDate "2006.07.01"]
[EventType "swiss"]
[EventRounds "9"]
[EventCountry "BEL"]

1. e4 e6 2. d4 d5 3. Nc3 Bb4 4. e5 c5 5. a3 Bxc3+ 6. bxc3 Qc7 7. Qg4 f6 8. Qg3
Qf7 9. Nf3 c4 10. Be2 Nc6 11. a4 Nge7 12. Ba3 Bd7 13. h4 h5 14. O-O Nf5 1/2-1/2

[Event "BEL-ch"]
[Site "Namur"]
[Date "2006.07.01"]
[Round "1"]
[White "Henris, Luc"]
[Black "Hovhanisian, Mher"]
[Result "0-1"]
[WhiteElo "2311"]
[BlackElo "2356"]
[PlyCount "76"]
[EventDate "2006.07.01"]
[EventType "swiss"]
[EventRounds "9"]
[EventCountry "BEL"]

1. e4 c5 2. c3 e6 3. d4 d5 4. e5 Qb6 5. Nf3 Bd7 6. a3 Bb5 7. c4 Bxc4 8. Bxc4
dxc4 9. d5 exd5 10. Qxd5 Ne7 11. Qxc4 Qa6 12. Qxa6 Nxa6 13. Nc3 Nc7 14. Bg5 Nc6
15. O-O-O h6 16. Be3 Ne6 17. Ne4 Rd8 18. Rxd8+ Kxd8 19. Rd1+ Kc7 20. Nd6 Bxd6
21. Rxd6 Re8 22. Rd1 b6 23. h4 Nf8 24. Bd2 Ng6 25. Bc3 Ngxe5 26. Nxe5 Nxe5 27.
f4 Ng4 28. Re1 Rxe1+ 29. Bxe1 Kd6 30. Bc3 f6 31. Kd2 Kd5 32. Ke2 Ke4 33. g3 h5
34. b3 Nh6 35. b4 Nf5 36. bxc5 bxc5 37. Be1 Nd4+ 38. Kf2 Kd3 0-1

[Event "BEL-ch"]
[Site "Namur"]
[Date "2006.07.01"]
[Round "1"]
[White "Laurent, Bruno"]
[Black "Werksma, Arie"]
[Result "1/2-1/2"]
[WhiteElo "2365"]
[BlackElo "2295"]
[PlyCount "32"]
[EventDate "2006.07.01"]
[EventType "swiss"]
[EventRounds "9"]
[EventCountry "BEL"]

1. e4 Nc6 2. Nf3 e5 3. Bc4 Be7 4. d3 Nf6 5. Bb3 d6 6. c3 O-O 7. O-O h6 8. Re1
Nh7 9. Nbd2 Ng5 10. Nxg5 Bxg5 11. Nf1 Bxc1 12. Rxc1 Be6 13. Ne3 Qd7 14. Ba4 Qd8
15. d4 Ne7 16. c4 c5 1/2-1/2

[Event "BEL-ch"]
[Site "Namur"]
[Date "2006.07.01"]
[Round "1"]
[White "Cekro, Ekrem"]
[Black "Wiley, Tom E"]
[Result "1/2-1/2"]
[WhiteElo "2394"]
[BlackElo "2320"]
[PlyCount "59"]
[EventDate "2006.07.01"]
[EventType "swiss"]
[EventRounds "9"]
[EventCountry "BEL"]

1. c4 f5 2. Nc3 Nf6 3. g3 g6 4. Bg2 Bg7 5. d3 d6 6. e4 Nc6 7. Nge2 O-O 8. O-O
e5 9. h3 fxe4 10. dxe4 Be6 11. Nd5 Qd7 12. Kh2 Nd8 13. Be3 c6 14. Nxf6+ Bxf6
15. b3 Nf7 16. Qd2 Qc7 17. Rad1 a6 18. f4 exf4 19. gxf4 Rae8 20. Ng3 Bc8 21. c5
Rd8 22. Qf2 dxc5 23. Bxc5 Rxd1 24. Rxd1 Be7 25. Bb6 Qb8 26. Ne2 Ng5 27. Qg3 Ne6
28. f5 Qxg3+ 29. Nxg3 Bc5 30. Bxc5 1/2-1/2

[Event "BEL-ch"]
[Site "Namur"]
[Date "2006.07.01"]
[Round "1"]
[White "Geirnaert, Steven"]
[Black "Denayer, Eric"]
[Result "1-0"]
[WhiteElo "2340"]
[BlackElo "2270"]
[PlyCount "79"]
[EventDate "2006.07.01"]
[EventType "swiss"]
[EventRounds "9"]
[EventCountry "BEL"]

1. e4 c5 2. Nf3 Nc6 3. d4 cxd4 4. Nxd4 e5 5. Nb5 a6 6. Nd6+ Bxd6 7. Qxd6 Qf6 8.
Qd1 Qg6 9. Nc3 d5 10. Nxd5 Qxe4+ 11. Ne3 Be6 12. Bd3 Qb4+ 13. c3 Qe7 14. Qf3
Nf6 15. O-O Rd8 16. Bc2 O-O 17. Nf5 Bxf5 18. Qxf5 g6 19. Qh3 Nd5 20. Bh6 Rfe8
21. Rfe1 Qc7 22. Rad1 Nf4 23. Bxf4 exf4 24. Rxd8 Qxd8 25. Rxe8+ Qxe8 26. Qd3
Qe6 27. a4 h5 28. Qd1 Ne5 29. Bb3 Qf6 30. Bd5 b6 31. h3 Qf5 32. Qe2 a5 33. Qe4
Qf6 34. b4 Qd6 35. f3 Kh7 36. Kh2 Qf6 37. bxa5 bxa5 38. c4 Qg5 39. Kg1 Qf6 40.
c5 {les noirs perdent au temps.} 1-0

[Event "BEL-ch"]
[Site "Namur"]
[Date "2006.07.01"]
[Round "1"]
[White "Mohandesi, Shahin"]
[Black "Piceu, Tom"]
[Result "1-0"]
[WhiteElo "2346"]
[BlackElo "2383"]
[PlyCount "87"]
[EventDate "2006.07.01"]
[EventType "swiss"]
[EventRounds "9"]
[EventCountry "BEL"]

1. d4 Nf6 2. Nf3 e6 3. Bg5 d5 4. e3 Be7 5. Nbd2 O-O 6. Bd3 c5 7. c3 b6 8. Ne5
Bb7 9. Qf3 Nbd7 10. O-O Nxe5 11. dxe5 Nd7 12. Qh3 g6 13. Bf4 Qc7 14. Nf3 Rfd8
15. Rac1 Qc6 16. Bg5 Bxg5 17. Nxg5 Nf8 18. Rfd1 Qc7 19. Qg3 Qe7 20. h4 Nd7 21.
Nf3 Rac8 22. h5 Kg7 23. Kh2 Nf8 24. Rh1 h6 25. hxg6 fxg6 26. Kg1 d4 27. Qf4 h5
28. cxd4 Bxf3 29. gxf3 Nh7 30. Qg3 Qg5 31. Kg2 cxd4 32. Rxc8 Rxc8 33. exd4 Rd8
34. Rh4 Kh6 35. Rf4 Qxg3+ 36. fxg3 Kg7 37. Bc4 g5 38. Re4 Nf8 39. Kf2 Kf7 40.
f4 Rc8 41. Bb3 g4 42. f5 Rc1 43. Re1 Rc7 44. Rh1 1-0

[Event "BEL-ch"]
[Site "Namur"]
[Date "2006.07.01"]
[Round "1"]
[White "Meessen, Rudolf"]
[Black "Saiboulatov, Danial"]
[Result "0-1"]
[WhiteElo "2347"]
[BlackElo "2414"]
[PlyCount "106"]
[EventDate "2006.07.01"]
[EventType "swiss"]
[EventRounds "9"]
[EventCountry "BEL"]

1. d4 e6 2. e4 d5 3. Nc3 Bb4 4. e5 c5 5. a3 Bxc3+ 6. bxc3 Qc7 7. Qg4 f5 8. Qg3
(8. Qh5+) 8... cxd4 9. cxd4 Ne7 10. Bd2 O-O 11. Bd3 b6 12. Ne2 Ba6 13. Nf4 Qd7
14. h4 (14. Bxa6 Nxa6 15. Qd3 Nb8 16. h4 Nbc6 17. Rh3 Rac8 18. Rg3 Kh8 (18...
Rf7 19. h5 Nd8 20. c3 Rf8 21. Kf1 Rc4 22. Kg1 Nf7 23. a4 Rfc8 24. Qb1 Nc6 25.
Qd1 Ne7 26. h6 g6 27. Qh5 Rxa4 28. Rxa4 Qxa4 29. Nxe6 Qc2 30. Qh4 f4 31. Bxf4
Nf5 32. Rxg6+ {1-0 Kasparov,G (2795)-Short,N (2690)/Novgorod 1997/CBM 60} hxg6
33. h7+ Kh8 34. Qf6+ Kxh7 35. Qxf7+ Kh8 36. Qf6+ Kh7 37. Ng5+ Kh6 38. Ne4+ Kh7
39. Qf7+ Kh8 40. Nf6) 19. h5 Rf7 20. h6 g6 21. Rc1 Rff8 22. Ne2 Nb8 23. Kf1 Rc4
24. Kg1 Nbc6 25. Bg5 Ng8 26. Re1 Qf7 27. c3 Na5 28. Nf4 Rc6 29. Bf6+ Nxf6 30.
exf6 Nc4 31. Qb1 Qxf6 32. a4 g5 33. Nd3 f4 34. Rh3 g4 35. Rh1 Rc7 36. Qd1 Qg6
37. Rh4 f3 38. g3 Rcf7 39. Nf4 Rxf4 40. gxf4 Rxf4 41. Qb1 Rf5 42. Qd3 g3 43.
Qf1 gxf2+ 44. Kxf2 Rg5 45. Qh3 Rg2+ 46. Kxf3 Nd2+ 47. Ke3 Rg3+ {
0-1 Reshevsky,S-Botvinnik,M/Den Haag/Moscow 1948/MainBase}) 14... Bxd3 15. cxd3
Nbc6 (15... Rf7 16. h5 Nbc6 17. Be3 Rc8 18. h6 g6 19. O-O Na5 20. Rac1 Nb3 21.
Rxc8+ Qxc8 22. Kh1 b5 23. Rb1 Qc2 24. Rg1 Qc8 25. Rb1 Qc2 26. Rg1 Qc8 27. Qh4
a5 28. g4 a4 29. Qg5 Kh8 30. gxf5 Nxf5 31. Nxe6 b4 32. axb4 a3 33. Nc5 Nxc5 34.
bxc5 Nxd4 35. e6 Nxe6 36. Qxd5 Kg8 37. Ra1 Nc7 38. Qe4 Nb5 39. Kg2 Nc3 40. Qe5
Qb7+ 41. Kh2 Nb5 42. Rb1 a2 43. Ra1 Qa8 44. Kg1 Qc8 45. Rxa2 Qg4+ 46. Kh2 Nc7
47. Rb2 Qh4+ 48. Kg2 Qg4+ 49. Qg3 Qc8 50. Rb6 Qd7 51. Rd6 Qe8 52. c6 Nb5 53.
Rd5 Nc7 54. Rc5 Qe7 55. Kg1 Rf6 56. d4 Re6 57. Qg5 Qxg5+ 58. Bxg5 Kf7 59. Bf4
Re1+ 60. Kh2 {1-0 Cheparinov,I (2621)-Gdanski,J (2544)/Warsaw 2005/CBM 108})
16. Be3 b5 (16... Nd8 17. Rc1 Rc8 18. Rxc8 Qxc8 19. O-O Qd7 20. Rc1 Kh8 21. h5
Nf7 22. Rc7 {1-0 Vasiukov,E-Fuchs,R/Gotha 1957/EXT 99}) 17. h5 a5 18. h6 g6 19.
O-O a4 20. Qg5 Na5 21. Bd2 Nb3 22. Bb4 Rf7 23. Rab1 Nc6 24. Bd6 Ncxd4 25. Rb2
Kh8 26. Re1 Re8 27. Kh2 Qd8 28. Qxd8 Rxd8 29. Bb4 Rc8 30. Bd6 Rd7 31. f3 Kg8
32. Nh3 Rc3 33. Nf4 Kf7 34. Bb4 Rc2 35. Rxc2 Nxc2 36. Re2 Nxb4 37. axb4 Nd4 38.
Ra2 g5 39. Nh3 Kg6 40. f4 gxf4 41. Nxf4+ Kxh6 42. Kg3 Rc7 43. Ra1 Rc3 44. Rh1+
Kg7 45. Kf2 Rb3 46. Nh5+ Kf7 47. Nf6 Rxd3 48. Rxh7+ Kg6 49. Re7 f4 50. Nd7 Rd2+
51. Kg1 a3 52. Nc5 a2 53. Ra7 Rd1+ 0-1

[Event "BEL-ch"]
[Site "Namur"]
[Date "2006.07.02"]
[Round "2"]
[White "Saiboulatov, Danial"]
[Black "Geirnaert, Steven"]
[Result "1-0"]
[WhiteElo "2414"]
[BlackElo "2340"]
[PlyCount "37"]
[EventDate "2006.07.01"]
[EventType "swiss"]
[EventRounds "9"]
[EventCountry "BEL"]

1. e4 d5 2. exd5 Qxd5 3. Nc3 Qa5 4. d4 c6 5. Bc4 Nf6 6. Bd2 Qb6 7. Nf3 Qxb2 8.
Rb1 Qa3 9. Ne5 e6 10. O-O Be7 11. Re1 O-O 12. Ne4 Nxe4 13. Rxe4 b5 14. Rb3 Qd6
15. Qh5 $1 f6 (15... bxc4 16. Rh3 h6 17. Bxh6 f6 (17... g6 18. Rg4 Nd7 19.
Qxg6+ fxg6 20. Rxg6+ Kh8 21. Bg5#) 18. Qg6 $18) 16. Rg4 fxe5 17. Rxg7+ Kxg7 18.
Rg3+ Kh8 19. Bd3 1-0

[Event "BEL-ch"]
[Site "Namur"]
[Date "2006.07.02"]
[Round "2"]
[White "Wiley, Tom E"]
[Black "Laurent, Bruno"]
[Result "1/2-1/2"]
[WhiteElo "2320"]
[BlackElo "2359"]
[PlyCount "49"]
[EventDate "2006.07.01"]
[EventType "swiss"]
[EventRounds "9"]
[EventCountry "BEL"]

1. Nf3 Nf6 2. c4 g6 3. b4 Bg7 4. Bb2 O-O 5. e3 d6 6. d4 Nbd7 7. Be2 e5 8. dxe5
Ng4 9. O-O Ngxe5 10. Nxe5 Nxe5 11. Qb3 a5 12. a3 axb4 13. axb4 Rxa1 14. Bxa1
Be6 15. Na3 d5 16. Qc2 Nxc4 17. Nxc4 dxc4 18. Bxg7 Kxg7 19. Bxc4 Bxc4 20. Qxc4
c6 21. b5 Qf6 22. bxc6 bxc6 23. Rc1 Rb8 24. f4 Re8 25. Qxc6 1/2-1/2

[Event "BEL-ch"]
[Site "Namur"]
[Date "2006.07.02"]
[Round "2"]
[White "Hovhanisian, Mher"]
[Black "Vandevoort, Pascal"]
[Result "1/2-1/2"]
[WhiteElo "2363"]
[BlackElo "2412"]
[PlyCount "81"]
[EventDate "2006.07.01"]
[EventType "swiss"]
[EventRounds "9"]
[EventCountry "BEL"]

1. d4 Nf6 2. c4 c5 3. d5 e6 4. Nc3 exd5 5. cxd5 d6 6. e4 g6 7. f3 Bg7 8. Nge2
O-O 9. Ng3 Nh5 10. Nxh5 gxh5 11. Be3 a6 12. Qd2 f5 13. Bd3 Nd7 14. Bh6 Qf6 15.
Bxg7 Qxg7 16. f4 b5 17. exf5 Re8+ 18. Kf1 Nf6 19. Re1 Rxe1+ 20. Qxe1 Bd7 21.
Qg3 Re8 22. Qxg7+ Kxg7 23. h3 c4 24. Bb1 b4 25. Ne2 c3 26. Kf2 cxb2 27. Rd1 h4
28. Rd2 Ne4+ 29. Bxe4 Rxe4 30. Rxb2 Bb5 31. g4 hxg3+ 32. Nxg3 Rxf4+ 33. Ke3 Rh4
34. Ne4 Rxh3+ 35. Kf4 Rh4+ 36. Kf3 Bc4 37. Rd2 Rh3+ 38. Kf4 Rh4+ 39. Kf3 Rh3+
40. Kf4 Rh4+ 41. Kf3 1/2-1/2

[Event "BEL-ch"]
[Site "Namur"]
[Date "2006.07.02"]
[Round "2"]
[White "Vanderstricht, Geert"]
[Black "Mohandesi, Shahin"]
[Result "1-0"]
[WhiteElo "2417"]
[BlackElo "2346"]
[PlyCount "69"]
[EventDate "2006.07.01"]
[EventType "swiss"]
[EventRounds "9"]
[EventCountry "BEL"]

1. d4 d5 2. c4 c6 3. Nf3 Nf6 4. Nc3 dxc4 5. a4 Na6 6. e4 Bg4 7. Bxc4 Bxf3 8.
gxf3 Nb4 9. O-O e6 10. Kh1 Be7 11. Rg1 O-O 12. Bh6 Ne8 13. Qd2 Kh8 14. Be3 a5
15. Rg3 Qd7 16. Rag1 Rd8 17. f4 g6 18. Qe2 Ng7 19. Bb3 Qe8 20. Rh3 Rg8 21. Qc4
Nh5 22. Rf3 Qd7 23. Rd1 Rgf8 24. Rh3 Ng7 25. Qf1 f5 26. f3 Qe8 27. Qg2 Qf7 28.
Ne2 Rfe8 29. Rg1 Kg8 30. Rh6 Bf8 31. Qh3 fxe4 32. fxe4 Nf5 33. exf5 Bxh6 34.
fxg6 Qf5 35. Qxf5 1-0

[Event "BEL-ch"]
[Site "Namur"]
[Date "2006.07.02"]
[Round "2"]
[White "Claesen, Pieter"]
[Black "Geenen, Marc"]
[Result "1-0"]
[WhiteElo "2366"]
[BlackElo "2343"]
[PlyCount "73"]
[EventDate "2006.07.01"]
[EventType "swiss"]
[EventRounds "9"]
[EventCountry "BEL"]

1. d4 Nf6 2. Bg5 d5 3. Bxf6 gxf6 4. e3 c5 5. Nc3 cxd4 6. exd4 Nc6 7. Qh5 e6 8.
O-O-O f5 9. Nf3 Qf6 10. Nb5 Qh6+ 11. Qxh6 Bxh6+ 12. Kb1 O-O 13. c4 dxc4 14.
Bxc4 Na5 15. Be2 a6 16. Nc3 b5 17. Ne5 Bb7 18. d5 b4 (18... Bg7 19. f4 b4 20.
Na4 Bxd5 21. Nb6 Be4+ 22. Bd3 Ra7 23. Bxe4 fxe4 24. Ned7 Rd8) 19. Na4 Bxd5 20.
Nb6 Be4+ 21. Bd3 Ra7 22. Bxe4 fxe4 23. Ned7 Rb7 24. Nxf8 Rxb6 25. Nd7 Rc6 26.
Nf6+ Kf8 27. b3 e3 28. fxe3 Bxe3 29. Rhf1 Rc7 30. Nxh7+ Ke7 31. Nf6 Nb7 32.
Rde1 Rc3 33. Ne4 Bd4 34. Nxc3 bxc3 35. Re4 e5 36. Rd1 Nc5 37. Rdxd4 1-0

[Event "BEL-ch"]
[Site "Namur"]
[Date "2006.07.02"]
[Round "2"]
[White "Piceu, Tom"]
[Black "Hautot, Stephane"]
[Result "0-1"]
[WhiteElo "2345"]
[BlackElo "2308"]
[PlyCount "72"]
[EventDate "2006.07.01"]
[EventType "swiss"]
[EventRounds "9"]
[EventCountry "BEL"]

1. d4 d5 2. c4 c6 3. Nf3 Nf6 4. Nc3 dxc4 5. e4 b5 6. e5 Nd5 7. a4 h6 8. Be2 (8.
axb5 Nxc3 9. bxc3 cxb5 10. Ba3) 8... e6 9. Ne4 Bb7 10. b3 Qa5+ 11. Kf1 c3 12.
Ne1 b4 13. h4 Nd7 14. Rh3 O-O-O 15. Nd3 c5 16. dxc5 Nxc5 17. Ndxc5 Bxc5 18. Qc2
Be7 19. Rd3 Nb6 20. Bf4 Rxd3 21. Bxd3 Rd8 22. Kg1 g5 23. hxg5 hxg5 24. Bg3 Rxd3
25. Qxd3 Qd5 26. Qxd5 Bxd5 27. a5 Nd7 28. f3 Bxb3 29. Rc1 c2 30. Kf2 Ba4 31.
Ke2 b3 32. Kd3 Ba3 33. Nd6+ Kb8 34. Kd2 Bb4+ 35. Kd3 b2 36. Rxc2 b1=Q 0-1

[Event "BEL-ch"]
[Site "Namur"]
[Date "2006.07.02"]
[Round "2"]
[White "Le Quang, Kim"]
[Black "Henris, Luc"]
[Result "1-0"]
[WhiteElo "2309"]
[BlackElo "2285"]
[PlyCount "83"]
[EventDate "2006.07.01"]
[EventType "swiss"]
[EventRounds "9"]
[EventCountry "BEL"]

1. e4 e5 2. Nf3 d6 3. d4 exd4 4. Nxd4 Nf6 5. Nc3 Be7 6. Bf4 O-O 7. Qd2 a6 8.
O-O-O b5 9. f3 c5 10. Nf5 Bxf5 11. exf5 Nc6 12. g4 Nd4 13. Qf2 b4 14. Ne2 Nxe2+
15. Bxe2 d5 16. g5 Nh5 17. Bg3 Qa5 18. Kb1 c4 19. f4 b3 20. cxb3 cxb3 21. axb3
Rab8 22. Rd3 d4 23. Bxh5 Qxf5 24. Rhd1 Rxb3 25. Qc2 Rb6 26. Bf2 Rc8 27. Qe2
Rcb8 28. Bxd4 Re6 29. Bg4 Rxe2 30. Bxf5 Rxh2 31. Be5 Re8 32. Rh3 Rxh3 33. Bxh3
g6 34. Bd7 Rd8 35. Bc7 Ra8 36. Bc6 Rc8 37. Rd7 Kf8 38. Bb7 Re8 39. Bxa6 Ra8 40.
Bb5 Ra7 41. Be5 Ra5 42. Rb7 1-0

[Event "BEL-ch"]
[Site "Namur"]
[Date "2006.07.02"]
[Round "2"]
[White "Werksma, Arie"]
[Black "Cekro, Ekrem"]
[Result "1/2-1/2"]
[WhiteElo "2295"]
[BlackElo "2416"]
[PlyCount "112"]
[EventDate "2006.07.01"]
[EventType "swiss"]
[EventRounds "9"]
[EventCountry "BEL"]

1. Nf3 Nf6 2. b3 g6 3. Bb2 Bg7 4. e3 O-O 5. Be2 d6 6. c4 e5 7. d3 c5 8. O-O Nc6
9. Nbd2 Re8 10. a3 b6 11. Qc2 a5 12. Rfd1 Qc7 13. Ne1 Be6 14. Bf3 d5 15. cxd5
Nxd5 16. Ne4 Rad8 17. Rac1 h6 18. Nc3 Nde7 19. Nb1 f5 20. Nd2 Rc8 21. Qb1 Bf7
22. Qa1 Nd5 23. Nc2 Qb8 24. a4 Rcd8 25. Nc4 Re7 26. Be2 Kh7 27. Bf1 Bg8 28. Re1
Ndb4 29. Nxb4 Nxb4 30. Qb1 Red7 31. Rcd1 Qc7 32. Bc3 Nc6 33. Qa1 Re8 34. Be2
Bd5 35. Bf1 Bg8 36. Be2 Nb4 37. Qb1 f4 38. Bg4 Rde7 39. Bf3 e4 40. Bxg7 exf3
41. Bf6 fxe3 42. Nxe3 Rd7 43. Ba1 h5 44. Qb2 Be6 45. Ng4 hxg4 46. Rxe6 Rf8 47.
Re4 Nxd3 48. Qd2 Rfd8 49. Qg5 Nf4 50. Rde1 Rd1 51. Be5 Rxe1+ 52. Rxe1 Ne2+ 53.
Kh1 $11 (53. Kf1 $18 Qd7 54. Qh4+ Kg8 55. Qh8+ Kf7 56. Qf6+ Kg8 57. Qxg6+ Kf8
58. gxf3 gxf3 59. Qf6+ Kg8 60. Qxf3 Nd4 61. Qg3+ {Fritz}) 53... fxg2+ 54. Kxg2
Qc6+ 55. Kf1 Qh1+ 56. Kxe2 Qf3+ 1/2-1/2

[Event "BEL-ch"]
[Site "Namur"]
[Date "2006.07.03"]
[Round "3"]
[White "Hovhanisian, Mher"]
[Black "Claesen, Pieter"]
[Result "1/2-1/2"]
[WhiteElo "2363"]
[BlackElo "2366"]
[PlyCount "133"]
[EventDate "2006.07.01"]
[EventType "swiss"]
[EventRounds "9"]
[EventCountry "BEL"]

1. d4 d5 2. c4 c6 3. Nf3 Nf6 4. Nc3 dxc4 5. a4 e6 6. Bg5 Bb4 7. e4 Bxc3+ 8.
bxc3 Qa5 9. e5 Ne4 10. Bd2 Qd5 11. a5 Nd7 12. Qa4 b5 13. axb6 Nxb6 14. Qa3 Bd7
15. Be3 Qb5 16. Nd2 Nxd2 17. Bxd2 c5 18. Qxc5 Qxc5 19. dxc5 Na4 20. Bxc4 O-O
21. O-O Rfc8 22. Be3 Nxc5 23. Rfd1 Be8 24. Be2 h6 25. Ra3 a5 26. Bf3 Bc6 27.
Bxc6 Rxc6 28. Kf1 Rb8 29. Ke2 Ne4 30. Rd3 Nc5 31. Rd6 Rb2+ 32. Rd2 Rb8 33. Bxc5
Rxc5 34. f4 g5 35. g3 Kg7 36. Ke3 Kg6 37. Ke4 Rbc8 38. Rd3 Rc4+ 39. Kf3 a4 40.
h3 Rb8 41. fxg5 Rb3 42. Rxb3 axb3 43. Rd7 hxg5 44. Rb7 Rxc3+ 45. Kg4 Rc4+ 46.
Kf3 Kf5 47. Rxb3 Kxe5 48. Rb5+ Kf6 49. Rb3 Rd4 50. Re3 Kg6 51. g4 Rd6 52. Kg3
f5 53. gxf5+ exf5 54. Re8 Rd3+ 55. Kg2 Kf6 56. Rg8 f4 57. Rf8+ Kg7 58. Rf5 Kg6
59. Rf8 Ra3 60. h4 Kh5 61. hxg5 Kg4 62. g6 Ra2+ 63. Kf1 Kf3 64. Ke1 Ra1+ 65.
Kd2 Rg1 66. Rf6 Ke4 67. Ke2 1/2-1/2

[Event "BEL-ch"]
[Site "Namur"]
[Date "2006.07.03"]
[Round "3"]
[White "Cekro, Ekrem"]
[Black "Le Quang, Kim"]
[Result "1/2-1/2"]
[WhiteElo "2416"]
[BlackElo "2309"]
[PlyCount "46"]
[EventDate "2006.07.01"]
[EventType "swiss"]
[EventRounds "9"]
[EventCountry "BEL"]

1. c4 g6 2. g3 Bg7 3. Bg2 e5 4. Nc3 d6 5. e3 f5 6. d4 Nd7 7. Nge2 Ngf6 8. b3
O-O 9. Ba3 Re8 10. Qd2 exd4 11. Qxd4 Ne4 12. Qd5+ Kh8 13. Bb2 Ndf6 14. Qd3 Nc5
15. Qc2 c6 16. O-O Be6 17. Rad1 Qe7 18. b4 Ncd7 19. b5 Bxc4 20. bxc6 bxc6 21.
Bxc6 Rac8 22. Bg2 Nb6 23. Qd2 d5 1/2-1/2

[Event "BEL-ch"]
[Site "Namur"]
[Date "2006.07.03"]
[Round "3"]
[White "Laurent, Bruno"]
[Black "Denayer, Eric"]
[Result "1/2-1/2"]
[WhiteElo "2365"]
[BlackElo "2251"]
[PlyCount "83"]
[EventDate "2006.07.01"]
[EventType "swiss"]
[EventRounds "9"]
[EventCountry "BEL"]

1. e4 b6 2. d4 Bb7 3. Bd3 Nf6 4. Qe2 Nc6 5. c3 e5 6. Nf3 d6 7. O-O Nd7 8. Re1
Be7 9. d5 Ncb8 10. Nbd2 g5 11. Nf1 Nf8 12. Bb5+ Nbd7 13. Ne3 Ng6 14. g3 h5 15.
Nf5 Bf6 16. Qc4 a6 17. Bc6 b5 18. Qe2 Bxc6 19. dxc6 Nc5 20. b4 Na4 21. c4 bxc4
22. Be3 g4 23. Nd2 c3 24. Nc4 Ne7 25. Nxe7 Qxe7 26. Qc2 Qe6 27. Nxd6+ Qxd6 28.
Qxa4 Qd3 29. Qa5 O-O 30. Rad1 Qb5 31. Qxc7 Rfc8 32. Qd7 Qxc6 33. Qf5 Qe6 34.
Qxh5 c2 35. Rd5 Rc4 36. Rc1 Rac8 37. Rc5 R8xc5 38. bxc5 Qd7 39. h3 Qd1+ 40. Kh2
Rxe4 41. Qh6 Bg7 42. Qd6 1/2-1/2

[Event "BEL-ch"]
[Site "Namur"]
[Date "2006.07.03"]
[Round "3"]
[White "Geirnaert, Steven"]
[Black "Werksma, Arie"]
[Result "1/2-1/2"]
[WhiteElo "2357"]
[BlackElo "2295"]
[PlyCount "140"]
[EventDate "2006.07.01"]
[EventType "swiss"]
[EventRounds "9"]
[EventCountry "BEL"]

1. e4 Nc6 2. Nc3 e5 3. Nf3 Nf6 4. Bc4 Be7 5. d4 d6 6. h3 O-O 7. Be3 a6 8. a4
exd4 9. Nxd4 Bd7 10. O-O Re8 11. g4 Nxd4 12. Bxd4 Bc6 13. Qf3 Rf8 14. Nd5 Bxd5
15. Bxd5 Nxd5 16. exd5 Re8 17. Rfe1 Qd7 18. Qc3 Bf8 19. b3 Rac8 20. Qf3 Rxe1+
21. Rxe1 Re8 22. Kf1 Rxe1+ 23. Kxe1 Qe7+ 24. Kd1 Qg5 25. Qe4 Qe7 26. Qd3 g6 27.
Qe2 Qxe2+ 28. Kxe2 Be7 29. f4 Kf8 30. f5 Bg5 31. Kd3 Ke7 32. Ke4 Bf6 33. Be3
Bc3 34. h4 Be1 35. fxg6 fxg6 36. Bg5+ Ke8 37. Bf6 Bd2 38. h5 Be1 39. Kf4 Bd2+
40. Ke4 Be1 41. Kd4 Bf2+ 42. Kc4 Kd7 43. b4 Be1 44. b5 axb5+ 45. Kxb5 Bf2 46.
c3 Be3 47. Kc4 Bf2 48. Kd3 Ke8 49. Ke2 Bg3 50. c4 Bf4 51. Bc3 Ke7 52. Kf3 Bg5
53. Ke4 Bc1 54. Bd4 Bd2 55. c5 Bb4 56. cxd6+ Bxd6 57. hxg6 hxg6 58. Be5 b6 59.
Bxd6+ Kxd6 60. Kd4 c6 61. dxc6 Kxc6 62. g5 Kd6 63. Kc4 Kc6 64. Kb4 Kc7 65. Kc3
Kb7 66. Kd4 Ka6 67. Kd5 Ka5 68. Kc6 Ka6 69. Kd7 Ka5 70. Kc7 Ka6 1/2-1/2

[Event "BEL-ch"]
[Site "Namur"]
[Date "2006.07.03"]
[Round "3"]
[White "Geenen, Marc"]
[Black "Meessen, Rudolf"]
[Result "1/2-1/2"]
[WhiteElo "2343"]
[BlackElo "2316"]
[PlyCount "37"]
[EventDate "2006.07.01"]
[EventType "swiss"]
[EventRounds "9"]
[EventCountry "BEL"]

1. e4 c6 2. d4 d5 3. Nc3 dxe4 4. Nxe4 Bf5 5. Ng3 Bg6 6. N1e2 e6 7. Nf4 Bd6 8.
Nxg6 hxg6 9. Ne4 Bc7 10. Be3 Nf6 11. Nxf6+ gxf6 12. Qf3 f5 13. O-O-O Qd5 14.
Qxd5 cxd5 15. c4 f4 16. Bd2 Nc6 17. cxd5 exd5 18. Bc3 O-O-O 19. Be2 1/2-1/2

[Event "BEL-ch"]
[Site "Namur"]
[Date "2006.07.03"]
[Round "3"]
[White "Henris, Luc"]
[Black "Piceu, Tom"]
[Result "1-0"]
[WhiteElo "2285"]
[BlackElo "2345"]
[PlyCount "125"]
[EventDate "2006.07.01"]
[EventType "swiss"]
[EventRounds "9"]
[EventCountry "BEL"]

1. e4 c5 2. c3 e6 3. d4 d5 4. e5 Nc6 5. Nf3 Qb6 6. a3 c4 7. Nbd2 f6 8. Nh4 Qc7
9. f4 Be7 10. Qh5+ Kf8 11. Be2 Nh6 12. O-O f5 13. Ndf3 Nf7 14. Ng5 Bxg5 15.
fxg5 g6 16. Qf3 Bd7 17. Rf2 Qd8 18. Qf4 Ne7 19. Bd1 Qe8 20. a4 Rc8 21. Bc2 Rc6
22. Qd2 Ra6 23. Qd1 b5 24. b3 cxb3 25. Bxb3 bxa4 26. Rfa2 Qc8 27. Bd2 Kg7 28.
Bxa4 Bxa4 29. Rxa4 Rxa4 30. Qxa4 Nc6 31. Qb5 a5 32. Nf3 Qc7 33. Ne1 Rb8 34. Qe2
Qa7 35. Kf1 Qb6 36. Nd3 Kf8 37. Bc1 Qb5 38. h4 Qc4 39. Bd2 Ke7 40. Nf4 Qb3 41.
Nd3 Qc2 42. Be1 Qxe2+ 43. Kxe2 Nfd8 44. Bd2 Rb5 45. Kd1 Na7 46. Kc2 Nc8 47. h5
gxh5 48. Rh1 Kf7 49. Rxh5 Kg7 50. Nc5 Nb6 51. Rh6 Nc4 52. Bc1 Nxe5 53. Nxe6+
Nxe6 54. dxe5 Rb6 55. Ba3 Rc6 56. Bd6 Nd8 57. Be7 Rc8 58. Rd6 Nc6 59. Bf6+ Kg6
60. Kb3 f4 61. e6 h6 62. e7 Kf5 63. Rd8 1-0

[Event "BEL-ch"]
[Site "Namur"]
[Date "2006.07.03"]
[Round "3"]
[White "Hautot, Stephane"]
[Black "Vanderstricht, Geert"]
[Result "1/2-1/2"]
[WhiteElo "2308"]
[BlackElo "2417"]
[PlyCount "75"]
[EventDate "2006.07.01"]
[EventType "swiss"]
[EventRounds "9"]
[EventCountry "BEL"]

1. e4 c5 2. Nf3 d6 3. d4 cxd4 4. Nxd4 Nf6 5. Nc3 a6 6. Bg5 e6 7. f4 Qc7 8. Qf3
b5 9. Bd3 Nbd7 10. O-O-O Bb7 11. Rhe1 O-O-O 12. f5 e5 13. Nb3 Be7 14. Bxf6 Nxf6
15. Nd5 Nxd5 16. exd5 Kb8 17. Kb1 Rc8 18. Qe4 Qb6 19. a4 bxa4 20. Qxa4 Bxd5 21.
Bxa6 Bc6 22. Qa5 Qxa5 23. Nxa5 Bxg2 24. Bxc8 Rxc8 25. Re3 g6 26. f6 Bf8 27. Rg1
Bd5 28. Rg4 Rc7 29. Rb4+ Kc8 30. c4 Be6 31. Reb3 Bh6 32. Rb8+ Kd7 33. R8b7 e4
34. Rxc7+ Kxc7 35. Rb7+ Kc8 36. Re7 e3 37. Nc6 e2 38. Na7+ 1/2-1/2

[Event "BEL-ch"]
[Site "Namur"]
[Date "2006.07.03"]
[Round "3"]
[White "Mohandesi, Shahin"]
[Black "Wiley, Tom E"]
[Result "1/2-1/2"]
[WhiteElo "2246"]
[BlackElo "2317"]
[PlyCount "119"]
[EventDate "2006.07.01"]
[EventType "swiss"]
[EventRounds "9"]
[EventCountry "BEL"]

1. d4 d5 2. Bg5 h6 3. Bh4 c6 4. e3 Qb6 5. Qc1 e5 6. Nf3 exd4 7. exd4 Be7 8.
Bxe7 Nxe7 9. Bd3 O-O 10. O-O Bf5 11. Rd1 Bxd3 12. Rxd3 Nd7 13. Nc3 Ng6 14. Rb1
a5 15. Re3 Rfe8 16. g3 Nf6 17. Na4 Qc7 18. Nc5 Rxe3 19. Qxe3 Re8 20. Qd3 Re7
21. Re1 Rxe1+ 22. Nxe1 Nd7 23. Nxd7 Qxd7 24. Ng2 Nf8 25. Ne3 Ne6 26. h4 Qc7 27.
c3 h5 28. Kg2 g6 29. Qe2 Qe7 30. Kf1 Nc7 31. Qf3 Qd6 32. Ng2 Ne6 33. Qf6 Qc7
34. Ne1 Qd8 35. Qxd8+ Nxd8 36. Ke2 Kg7 37. Nd3 Kf6 38. Ke3 Kf5 39. f3 f6 40.
Nf4 Nf7 41. a4 Nd6 42. b3 g5 43. hxg5 Kxg5 44. Nh3+ Kf5 45. Kd3 Nf7 46. Ng1 Ng5
47. c4 Nxf3 48. Nxf3 Kg4 49. Ke3 Kxg3 50. Ng1 h4 51. cxd5 cxd5 52. Ne2+ Kg4 53.
Kf2 h3 54. Nc3 Kf4 55. Nxd5+ Ke4 56. Nb6 Kxd4 57. Nc4 Kc3 58. Nxa5 b6 59. Nc4
Kxb3 60. Nxb6 1/2-1/2